[Event "Qatar Masters Open 2023"]
[Site "Doha QAT"]
[Date "2023.10.15"]
[Round "5.51"]
[White "Chanda, Sandipan"]
[Black "Ilamparthi, A R"]
[Result "1-0"]
[WhiteTitle "GM"]
[BlackTitle "IM"]
[WhiteElo "2496"]
[BlackElo "2387"]
[WhiteFideId "5004225"]
[BlackFideId "45015775"]
[EventDate "2023.10.11"]

1. d4 d5 2. Nf3 Nf6 3. Bf4 c5 4. e3 Nc6 5. h3 Bf5 6. Bb5 e6 7. Nbd2 Qb6 8. c4
Be7 9. dxc5 Bxc5 10. a3 O-O 11. Bxc6 bxc6 12. b4 Be7 13. c5 Qb7 14. Nb3 a5 15.
Nxa5 Rxa5 16. bxa5 Qa6 17. Ne5 Ne4 18. g4 f6 19. Nxc6 Qxc6 20. gxf5 e5 21. Bh2
Nc3 22. Qb3 Kh8 23. O-O d4 24. Qc4 Bxc5 25. Rfe1 Ne4 26. exd4 Nxf2 27. Bg3 Nxh3+
28. Kh2 Ng5 29. Qxc5 Nf3+ 30. Kh1 Qa8 31. d5 Rc8 32. Qb5 Nd4 33. Qd3 Qxd5+ 34.
Qe4 Qb3 35. Rac1 Rg8 36. Re3 Qb2 37. Rb1 Qa2 38. a6 Nc2 39. Reb3 Nd4 40. R1b2
Qa1+ 41. Qb1 Nxb3 42. Qxa1 Nxa1 43. a7 1-0

[Event "Qatar Masters Open 2023"]
[Site "Doha QAT"]
[Date "2023.10.15"]
[Round "5.52"]
[White "Rosen, Eric"]
[Black "Muthaiah, AL"]
[Result "1-0"]
[WhiteTitle "IM"]
[BlackTitle "IM"]
[WhiteElo "2341"]
[BlackElo "2470"]
[WhiteFideId "2032562"]
[BlackFideId "5092442"]
[EventDate "2023.10.11"]

1. e4 c5 2. Nf3 e6 3. Nc3 Nc6 4. d4 cxd4 5. Nxd4 Qc7 6. Ncb5 Qb8 7. Bd3 Nge7 8.
Be3 a6 9. Nxc6 bxc6 10. Nc3 d6 11. O-O Ng6 12. f4 Be7 13. Qh5 O-O 14. Na4 e5 15.
g3 exf4 16. gxf4 Qb4 17. Nb6 Rb8 18. a3 Qxb2 19. Rab1 Nxf4 20. Nxc8 Nxh5 21.
Nxe7+ Kh8 22. Rxb2 Rxb2 23. Nxc6 Ra2 24. Rf5 Nf6 25. Bd4 Nd7 26. Ra5 Nc5 27. Nb4
Nxd3 28. Nxa2 Ne1 29. c3 Re8 30. Rxa6 h6 31. Rxd6 Rxe4 32. Kf2 Kh7 33. Nb4 g5
34. a4 f5 35. a5 f4 36. Rd5 g4 37. Re5 Rxe5 38. Bxe5 Nf3 39. Bxf4 1-0

[Event "Qatar Masters Open 2023"]
[Site "Doha QAT"]
[Date "2023.10.15"]
[Round "5.54"]
[White "Haldorsen, Benjamin"]
[Black "Balajayeva, Khanim"]
[Result "1-0"]
[WhiteTitle "IM"]
[BlackTitle "IM"]
[WhiteElo "2454"]
[BlackElo "2340"]
[WhiteFideId "1512633"]
[BlackFideId "13406396"]
[EventDate "2023.10.11"]

1. e4 e5 2. Nf3 Nc6 3. Bb5 a6 4. Ba4 Nf6 5. O-O Be7 6. Bxc6 dxc6 7. Nc3 Bg4 8.
h3 Bh5 9. Qe2 Qd6 10. Qe3 c5 11. Nh4 Bg6 12. d3 Nd7 13. Qg3 Bxh4 14. Qxh4 f6 15.
f4 O-O-O 16. Qg3 Rhg8 17. Kh1 Bf7 18. fxe5 Nxe5 19. Bf4 Rde8 20. Qf2 Qc6 21. Bh2
Kb8 22. Rad1 h5 23. a4 Re7 24. Bg1 Nd7 25. d4 cxd4 26. Rxd4 Nb6 27. Nd5 Rxe4 28.
Rxe4 Bxd5 29. Rd4 Qe6 30. a5 Nc8 31. Qf5 Qxf5 32. Rxf5 Bc6 33. Rxh5 Re8 34. Rg4
g5 35. Rh6 Nd6 36. Rxf6 Ne4 37. Rf7 Bd5 38. Rg7 Kc8 39. Kh2 Bc6 40. h4 Bd7 41.
R4xg5 Nxg5 42. Rxg5 Kd8 43. h5 Re4 44. Kg3 Bc6 45. h6 Re7 46. Bd4 Kd7 47. Rg4
Bd5 48. Bf6 Re3+ 49. Kh2 1-0

[Event "Qatar Masters Open 2023"]
[Site "Doha QAT"]
[Date "2023.10.15"]
[Round "5.55"]
[White "Venkatesh, M.R."]
[Black "Dushyant, Sharma"]
[Result "1-0"]
[WhiteTitle "GM"]
[BlackTitle "IM"]
[WhiteElo "2428"]
[BlackElo "2339"]
[WhiteFideId "5005779"]
[BlackFideId "25065130"]
[EventDate "2023.10.11"]

1. Nf3 d5 2. g3 Nc6 3. d3 e5 4. Bg2 Be6 5. Nc3 f6 6. e4 d4 7. Ne2 Qd7 8. c3 dxc3
9. bxc3 Bh3 10. O-O h5 11. d4 O-O-O 12. Qa4 Kb8 13. Bxh3 Qxh3 14. Rb1 Nce7 15.
dxe5 h4 16. exf6 Nxf6 17. Bf4 Nc8 18. Qc6 Nd6 19. Bxd6 Qc8 20. Bf4 Nh5 21. Be3
Rd6 22. Qa4 b6 23. Ned4 a6 24. e5 Rg6 25. Nxh4 Nf4 26. Bxf4 Rxh4 27. e6 Bc5 28.
Nc6+ Ka8 29. Rbd1 Rh8 30. Rd7 b5 31. Qe4 Qb7 32. Rxc7 1-0

[Event "Qatar Masters Open 2023"]
[Site "Doha QAT"]
[Date "2023.10.15"]
[Round "5.56"]
[White "Njili, Kamel"]
[Black "Aaryan, Varshney"]
[Result "1/2-1/2"]
[WhiteTitle "IM"]
[BlackTitle "FM"]
[WhiteElo "2423"]
[BlackElo "2339"]
[WhiteFideId "5500869"]
[BlackFideId "45048975"]
[EventDate "2023.10.11"]

1. d4 d5 2. c4 c6 3. Nc3 Nf6 4. e3 g6 5. Nf3 Bg7 6. cxd5 cxd5 7. Bb5+ Bd7 8. Qb3
Bxb5 9. Qxb5+ Qd7 10. Ne5 Qxb5 11. Nxb5 Na6 12. f3 O-O 13. Bd2 Rfc8 14. Ke2 Nc7
15. a4 Nxb5 16. axb5 Ne8 17. Rhc1 Rxc1 18. Rxc1 e6 19. Ra1 Nc7 20. b6 axb6 21.
Rc1 Bxe5 22. dxe5 Na6 23. b4 Kf8 24. Kf2 Kg7 25. g4 b5 26. Kg3 Nb8 27. Rc8 Ra2
28. Rxb8 Rxd2 29. Rxb7 Re2 30. Rxb5 Rxe3 31. Kf4 Rb3 32. h4 h6 33. g5 hxg5+ 34.
hxg5 Kf8 35. Rb7 Kg8 36. Rb8+ Kg7 37. Kg3 d4 38. Kf4 d3 39. Ke3 Kh7 40. Kd2 Kg7
41. b5 Kh7 42. b6 Kg7 43. f4 Kh7 44. Ke3 Kg7 1/2-1/2

[Event "Qatar Masters Open 2023"]
[Site "Doha QAT"]
[Date "2023.10.15"]
[Round "5.57"]
[White "Kushagra, Mohan"]
[Black "Aziz, Husain"]
[Result "1/2-1/2"]
[WhiteTitle "IM"]
[BlackTitle "IM"]
[WhiteElo "2412"]
[BlackElo "2328"]
[WhiteFideId "25033638"]
[BlackFideId "12100293"]
[EventDate "2023.10.11"]

1. e4 e5 2. Nf3 Nc6 3. Bb5 Nf6 4. d3 Ne7 5. O-O c6 6. Ba4 Ng6 7. Re1 Bb4 8. c3
Ba5 9. d4 d6 10. Nbd2 O-O 11. h3 Bc7 12. Bc2 Re8 13. a4 a5 14. Rb1 h6 15. b3 d5
16. exd5 Nxd5 17. Bb2 exd4 18. Nxd4 Rxe1+ 19. Qxe1 Qd6 20. Qe8+ Qf8 21. Re1 Nf6
22. Qxf8+ Nxf8 23. c4 Bd6 24. Nf5 Bxf5 25. Bxf5 Bb4 26. Re2 Rd8 27. Nf3 N6d7 28.
Nd4 Nc5 29. Bc2 Nfe6 30. Nxe6 Nxe6 31. g3 Kf8 32. Bf5 Nc5 33. Re3 g6 34. Bg4 h5
35. Bf6 Re8 36. Rxe8+ Kxe8 37. Bd1 Ne4 38. Bd4 Bc5 39. Bxc5 Nxc5 40. f4 Ke7 41.
Kf2 f5 42. Ke3 Ne6 43. g4 h4 44. gxf5 gxf5 45. Bc2 Kf6 46. Bd1 Nc5 47. Kd4 Ne6+
48. Ke3 Nc5 49. Kd4 Ne6+ 1/2-1/2

[Event "Qatar Masters Open 2023"]
[Site "Doha QAT"]
[Date "2023.10.15"]
[Round "5.58"]
[White "Dixit, Nikhil"]
[Black "Msellek, Ilyass"]
[Result "1-0"]
[WhiteTitle "FM"]
[BlackTitle "IM"]
[WhiteElo "2327"]
[BlackElo "2411"]
[WhiteFideId "5059534"]
[BlackFideId "675938"]
[EventDate "2023.10.11"]

1. e4 c6 2. d4 d5 3. e5 c5 4. dxc5 e6 5. a3 Bxc5 6. Qg4 Ne7 7. b4 h5 8. Qg5 Bb6
9. Nf3 Ng6 10. Qxd8+ Kxd8 11. Bg5+ Ke8 12. c4 a5 13. b5 Nd7 14. Nc3 dxc4 15. Na4
Bc7 16. O-O-O b6 17. Bxc4 Bb7 18. Nd4 Rc8 19. Kb1 Bxe5 20. Nc6 Rxc6 21. bxc6
Bxc6 22. Nxb6 f6 23. Nxd7 Bxd7 24. Be3 Bc6 25. Ka2 h4 26. Rhe1 Ke7 27. f4 Bd6
28. Bc5 Bd5 29. Rxd5 1-0

[Event "Qatar Masters Open 2023"]
[Site "Doha QAT"]
[Date "2023.10.15"]
[Round "5.59"]
[White "Priyanka, Nutakki"]
[Black "Munkhdalai, Amilal"]
[Result "0-1"]
[WhiteTitle "WGM"]
[BlackTitle "FM"]
[WhiteElo "2315"]
[BlackElo "2409"]
[WhiteFideId "25049615"]
[BlackFideId "4903250"]
[EventDate "2023.10.11"]

1. d4 Nf6 2. c4 e6 3. Nf3 b6 4. g3 Bb7 5. Bg2 Bb4+ 6. Bd2 Bxd2+ 7. Qxd2 O-O 8.
O-O d6 9. Rd1 Qe7 10. Nc3 Nbd7 11. Qc2 c5 12. d5 e5 13. e4 Ne8 14. a4 a5 15. Rf1
g6 16. Rae1 Ng7 17. Nh4 Rae8 18. Qd2 Bc8 19. Bh3 f5 20. exf5 gxf5 21. Qc2 Nb8
22. Re2 Na6 23. Rfe1 Qf6 24. Kh1 Nb4 25. Qd2 Kh8 26. b3 Re7 27. Kg1 Bd7 28. f3
Nh5 29. Ng2 Rg7 30. Rf1 Nxg3 31. hxg3 Rxg3 32. Kh2 Rfg8 33. Rh1 Rxf3 34. Rf2 Rd3
35. Qc1 Rgg3 36. Bxf5 Rxc3 37. Qf1 Bxf5 38. Rxf5 Rxg2+ 39. Qxg2 Qxf5 40. Rf1
Qh5+ 41. Kg1 Qg6 0-1

[Event "Qatar Masters Open 2023"]
[Site "Doha QAT"]
[Date "2023.10.15"]
[Round "5.60"]
[White "Krishna, C R G"]
[Black "Karthik, Rajaa"]
[Result "1-0"]
[WhiteTitle "IM"]
[BlackTitle "FM"]
[WhiteElo "2407"]
[BlackElo "2309"]
[WhiteFideId "5018625"]
[BlackFideId "25035215"]
[EventDate "2023.10.11"]

1. d4 Nf6 2. c4 e6 3. e3 b6 4. Nf3 Bb7 5. Bd3 d5 6. O-O Bd6 7. Nc3 O-O 8. b3
Nbd7 9. Bb2 a6 10. Rc1 Qe7 11. Na4 Ne4 12. Ne5 dxc4 13. Nxc4 Rac8 14. Nxd6 cxd6
15. Qe2 b5 16. Nc3 Ndf6 17. Nb1 e5 18. Ba3 exd4 19. exd4 Qd7 20. f3 Ng5 21. Nc3
Ne6 22. Qd2 Qd8 23. d5 Qb6+ 24. Qf2 Qxf2+ 25. Kxf2 Nc5 26. Bf5 Rb8 27. Rfd1 Bc8
28. Bxc5 dxc5 29. Bb1 Bd7 30. g4 Rfc8 31. g5 Ne8 32. Ne4 c4 33. Ke3 f5 34. gxf6
Nxf6 35. Kd4 Rd8 36. Nxf6+ gxf6 37. Rg1+ Kf7 38. Bxh7 Rh8 39. Bg6+ Ke7 40. bxc4
Rh4+ 41. Be4 bxc4 42. Rg7+ Kd6 43. Rg6 Rf8 44. Rb1 c3 45. Rg7 Bb5 46. Kxc3 Rc8+
47. Kd2 Rxh2+ 48. Ke3 Rc3+ 49. Kf4 Rxa2 50. Rf7 Rd2 51. Rxf6+ Kc5 52. Rf8 Kd4
53. d6 Kc5 54. Rc8+ Kd4 1-0

[Event "Qatar Masters Open 2023"]
[Site "Doha QAT"]
[Date "2023.10.15"]
[Round "5.61"]
[White "Senthil, Maran K"]
[Black "Abdurakhmonov, Mukhammadali"]
[Result "0-1"]
[WhiteTitle "FM"]
[BlackTitle "IM"]
[WhiteElo "2298"]
[BlackElo "2405"]
[WhiteFideId "25035681"]
[BlackFideId "14207346"]
[EventDate "2023.10.11"]

1. d4 Nf6 2. c4 e6 3. g3 d5 4. Bg2 dxc4 5. Qa4+ Nbd7 6. Qxc4 a6 7. Bf4 c5 8. Nc3
Nb6 9. Qb3 cxd4 10. Rd1 Bc5 11. Nf3 Qe7 12. Nxd4 e5 13. Nc6 bxc6 14. Bxc6+ Bd7
15. Bxa8 exf4 16. Bg2 Ng4 17. O-O O-O 18. Nd5 Nxd5 19. Qxd5 Be6 20. Qe4 fxg3 21.
hxg3 Qg5 22. e3 Qh6 23. Rfe1 Qh2+ 24. Kf1 Nf6 25. Qa4 a5 26. a3 Bb4 27. axb4
Bc4+ 28. Re2 Bxe2+ 29. Kxe2 Qxg2 30. Qxa5 Ne4 31. Rd8 Qxf2+ 32. Kd1 Qf1+ 33. Kc2
Qe2+ 34. Kb3 Qxe3+ 35. Ka4 Nf6 36. Rxf8+ Kxf8 37. Qc5+ Qe7 38. Ka5 Ke8 39. Qc6+
Qd7 40. b5 Qxc6 41. bxc6 Kd8 42. Kb6 Kc8 43. b4 h5 44. b5 g5 45. Kc5 h4 46. gxh4
gxh4 47. b6 h3 0-1

[Event "Qatar Masters Open 2023"]
[Site "Doha QAT"]
[Date "2023.10.15"]
[Round "5.62"]
[White "Song, Yuxin"]
[Black "Tomaszewski, Kacper"]
[Result "1-0"]
[WhiteTitle "WIM"]
[BlackTitle "FM"]
[WhiteElo "2404"]
[BlackElo "2307"]
[WhiteFideId "8614300"]
[BlackFideId "1127373"]
[EventDate "2023.10.11"]

1. e4 g6 2. d4 Bg7 3. Nf3 d6 4. Bc4 e6 5. Qe2 Ne7 6. O-O Nd7 7. Nc3 O-O 8. Rd1
a6 9. a4 b6 10. h3 h6 11. Bf4 Bb7 12. Ba2 Kh7 13. Bh2 Qe8 14. Rd2 Nc6 15. Re1
Rc8 16. Nd1 e5 17. c3 Nf6 18. Bb1 Qe7 19. Ne3 Rfe8 20. d5 Nb8 21. a5 b5 22. c4
c6 23. dxc6 Bxc6 24. cxb5 Bxb5 25. Qd1 Red8 26. b4 Nc6 27. Qb3 Qe6 28. Qa3 Nd4
29. Nxd4 exd4 30. Nc2 Rc3 31. Qb2 Rb3 32. Qa2 Nxe4 33. Nxd4 Bxd4 34. Rxd4 Nc3
35. Rxe6 Nxa2 36. Bxa2 Rb2 37. Re7 Rxa2 38. Be5 Kg8 39. Bf6 Rc2 40. Rb7 Ra8 41.
Rxd6 Rc6 42. Ra7 Rcc8 43. Rb7 Rc6 44. Rxc6 Bxc6 45. Rb6 Bb5 46. h4 Rc8 47. Kh2
Kh7 48. Rb7 Kg8 49. Kg3 Re8 50. f3 Bc4 51. Kf4 Bf1 52. Rb6 Kh7 53. Rb7 Kg8 54.
g4 Be2 55. g5 h5 56. Ra7 Bb5 57. Be7 Kg7 58. Ke5 Rc8 59. Kd6 Rc6+ 60. Kd5 Rc8
61. f4 Bc4+ 62. Kd4 Bb5 63. Bd6 Rd8 64. Kd5 Rd7 65. Ra8 f6 66. Kc5 fxg5 67. fxg5
Kf7 68. Rf8+ Kg7 69. Rb8 Kf7 70. Kd5 Ba4 71. Rf8+ Kg7 72. Ra8 Bb5 73. Ke6 Kh7
74. Be5 Rd8 75. Rxd8 Be8 1-0

[Event "Qatar Masters Open 2023"]
[Site "Doha QAT"]
[Date "2023.10.15"]
[Round "5.63"]
[White "Avinash, Ramesh"]
[Black "Garv, Gaur"]
[Result "1/2-1/2"]
[WhiteTitle "IM"]
[BlackTitle "FM"]
[WhiteElo "2286"]
[BlackElo "2401"]
[WhiteFideId "45018340"]
[BlackFideId "45030839"]
[EventDate "2023.10.11"]

1. d4 d5 2. c4 e6 3. Nc3 Nf6 4. Nf3 Be7 5. Bf4 O-O 6. e3 b6 7. Bd3 Ba6 8. cxd5
Nxd5 9. Bxa6 Nxa6 10. Nxd5 Qxd5 11. O-O c5 12. dxc5 Qxd1 13. Raxd1 Nxc5 14. Bd6
Bxd6 15. Rxd6 Rac8 16. h4 Ne4 17. Rd4 Nf6 18. Ne5 Rc2 19. Nd7 Nxd7 20. Rxd7 Rxb2
21. Rxa7 g6 22. a4 Rd8 23. a5 bxa5 24. Rxa5 Rdd2 25. h5 Kg7 26. hxg6 hxg6 27.
Ra4 Rd5 28. Raa1 Rdd2 29. Rad1 Re2 30. Rde1 Rec2 31. Rc1 Rd2 32. Rcd1 1/2-1/2

[Event "Qatar Masters Open 2023"]
[Site "Doha QAT"]
[Date "2023.10.15"]
[Round "5.64"]
[White "Mohammad Fahad, Rahman"]
[Black "Rakshitta, Ravi"]
[Result "1-0"]
[WhiteTitle "IM"]
[BlackTitle "WGM"]
[WhiteElo "2396"]
[BlackElo "2272"]
[WhiteFideId "10207791"]
[BlackFideId "25073230"]
[EventDate "2023.10.11"]

1. e4 e5 2. Nf3 Nc6 3. Bb5 a6 4. Ba4 Bc5 5. c3 Nge7 6. O-O Ba7 7. d4 Ng6 8. Bg5
f6 9. Be3 O-O 10. Nbd2 d6 11. Re1 Kh8 12. h3 a5 13. Rc1 Bd7 14. Nf1 Qe8 15. Bc2
Nd8 16. Ng3 Ne6 17. Bd3 Ngf4 18. Bf1 Ng5 19. Nh4 Qf7 20. b3 g6 21. Qd2 Nge6 22.
d5 Ng7 23. c4 Bc5 24. Bxc5 dxc5 25. Kh2 h5 26. Ne2 g5 27. Nxf4 exf4 28. Nf3 Qg6
29. e5 g4 30. Bd3 Nf5 31. e6 gxf3 32. gxf3 Qg5 33. Rg1 Ng3 34. exd7 Rad8 35. Qe1
Rxd7 36. fxg3 fxg3+ 37. Rxg3 Qf4 38. Kg2 f5 39. Qc3+ Kh7 40. Re1 Rff7 41. Qe5
Qd2+ 42. Qe2 Qc3 1-0

[Event "Qatar Masters Open 2023"]
[Site "Doha QAT"]
[Date "2023.10.15"]
[Round "5.65"]
[White "Arhan, Chethan Anand"]
[Black "Nandhidhaa, P V"]
[Result "1-0"]
[WhiteTitle "FM"]
[BlackTitle "WGM"]
[WhiteElo "2395"]
[BlackElo "2260"]
[WhiteFideId "45062510"]
[BlackFideId "5050847"]
[EventDate "2023.10.11"]

1. d4 Nf6 2. c4 g6 3. Nc3 Bg7 4. e4 d6 5. Be2 O-O 6. Be3 Nc6 7. d5 Ne5 8. f4
Neg4 9. Bd2 Nh6 10. Nf3 c6 11. O-O cxd5 12. cxd5 b5 13. Bd3 b4 14. Na4 Bd7 15.
Kh1 Rb8 16. Rc1 e6 17. dxe6 fxe6 18. Ng5 Nf7 19. Nxf7 Rxf7 20. b3 Nh5 21. Be2
Nf6 22. Qc2 a5 23. Be3 d5 24. Nc5 dxe4 25. Bd4 Rc8 26. Bxf6 Bxf6 27. Qxe4 Bc6
28. Qxe6 Bd5 29. Qg4 Bc3 30. Na4 Rcc7 31. Rfd1 Rf5 32. Nb6 Kg7 33. Bc4 Rxc4 34.
Nxc4 Qe7 35. Qg3 Be6 36. Qe3 Qf6 37. Nd6 Kh6 38. Ne4 Qe7 39. Nxc3 bxc3 40. Re1
Qh4 41. Qxe6 Rh5 42. h3 1-0

[Event "Qatar Masters Open 2023"]
[Site "Doha QAT"]
[Date "2023.10.15"]
[Round "5.66"]
[White "Manish Anto, Cristiano F"]
[Black "Rathanvel, V S"]
[Result "1/2-1/2"]
[WhiteTitle "IM"]
[BlackTitle "IM"]
[WhiteElo "2368"]
[BlackElo "2493"]
[WhiteFideId "25095927"]
[BlackFideId "25002112"]
[EventDate "2023.10.11"]

1. e4 c5 2. Nf3 d6 3. d4 cxd4 4. Nxd4 Nf6 5. Nc3 a6 6. Bg5 Nbd7 7. Qe2 h6 8. Bh4
g6 9. f4 e5 10. fxe5 dxe5 11. O-O-O Qc7 12. Nb3 b5 13. Rxd7 Nxd7 14. Nd5 Qb8 15.
Na5 Bg7 16. Qd2 O-O 17. Nc6 Qb7 18. Na5 Qb8 19. Nc6 Qb7 20. Na5 Qb8 21. Nc6 Qb7 1/2-1/2

[Event "Qatar Masters Open 2023"]
[Site "Doha QAT"]
[Date "2023.10.15"]
[Round "5.67"]
[White "Shahil, Dey"]
[Black "Rohith, Krishna S"]
[Result "1-0"]
[WhiteTitle "IM"]
[BlackTitle "IM"]
[WhiteElo "2357"]
[BlackElo "2434"]
[WhiteFideId "35062352"]
[BlackFideId "46617051"]
[EventDate "2023.10.11"]

1. c4 Nf6 2. g3 e6 3. Bg2 d5 4. Nf3 d4 5. O-O Nc6 6. d3 Be7 7. e3 e5 8. exd4
exd4 9. Na3 O-O 10. Nc2 a5 11. b3 Bc5 12. a3 Bf5 13. Rb1 b5 14. Nh4 Bg4 15. Qd2
Ne5 16. h3 Bd7 17. Re1 Ng6 18. Nxg6 fxg6 19. b4 axb4 20. axb4 bxc4 21. bxc5 Ra2
22. dxc4 d3 23. Qxd3 Bf5 24. Qxd8 Rxd8 25. Rb2 Rxb2 26. Bxb2 Bxc2 27. Re7 Rd1+
28. Kh2 Rd2 29. Bxf6 gxf6 30. Bd5+ Kf8 31. Rf7+ Ke8 32. Rxf6 Bf5 33. g4 Bd7 34.
Kg3 Rd4 35. f3 Ba4 36. c6 Bc2 37. Rf4 Rd2 38. g5 Rd1 39. Rh4 Rg1+ 40. Kf2 Rxg5
41. Rxh7 Kd8 42. Rd7+ Kc8 43. Rf7 Kd8 44. f4 Rh5 45. Be6 Bf5 46. Bxf5 gxf5 47.
Kg3 Rh6 48. Rxf5 Rxc6 49. c5 Ke7 50. Kg4 Ra6 51. Rh5 Kf8 52. Kf5 Rc6 53. Ke4
Re6+ 54. Kd5 Rf6 55. Rh7 Rxf4 56. Kc6 Rf5 57. h4 Ke8 58. h5 Kd8 59. h6 Ke8 60.
Rh8+ Kf7 61. h7 Kg7 62. Rc8 Kxh7 63. Rxc7+ Kg6 64. Re7 Kf6 65. Re1 Rf2 66. Kc7
Rc2 67. c6 Kf7 68. Kd7 Rd2+ 69. Kc8 Rc2 70. c7 Rb2 71. Re4 Kf6 72. Kd7 Rd2+ 73.
Kc6 Rc2+ 74. Kd6 Rc1 75. Rf4+ Kg7 76. Rf5 Rd1+ 77. Kc6 Rc1+ 78. Rc5 1-0

[Event "Qatar Masters Open 2023"]
[Site "Doha QAT"]
[Date "2023.10.15"]
[Round "5.68"]
[White "Mammadova, Gulnar"]
[Black "Banh Gia Huy"]
[Result "0-1"]
[WhiteTitle "IM"]
[BlackTitle "FM"]
[WhiteElo "2346"]
[BlackElo "2397"]
[WhiteFideId "13403508"]
[BlackFideId "12424714"]
[EventDate "2023.10.11"]

1. e4 e6 2. d4 d5 3. Nc3 Nf6 4. e5 Nfd7 5. f4 c5 6. Nf3 Nc6 7. Be3 Qb6 8. Na4
Qa5+ 9. c3 b6 10. a3 c4 11. b4 cxb3 12. Qxb3 Ba6 13. Kf2 Rc8 14. Nb2 Bxf1 15.
Rhxf1 Be7 16. Kg1 Ncxe5 17. Bd2 Nxf3+ 18. Rxf3 O-O 19. Nd3 Nf6 20. Nf2 Ne4 21.
Be1 Nd6 22. Qd1 Qb5 23. a4 Qa6 24. Rh3 g6 25. Nd3 Ne4 26. Ne5 Rc7 27. Qd3 Qxd3
28. Rxd3 Rfc8 29. a5 b5 30. Rb1 a6 31. Rb3 f6 32. Nf3 Rc4 33. Nd2 Rxc3 34. Rbxc3
Nxc3 35. Kf1 Kf7 36. g4 Ne4 37. Rh3 Kg7 38. f5 exf5 39. gxf5 gxf5 40. Nf3 Ng5
41. Rg3 Kf7 42. Nh4 Bd6 43. Re3 f4 44. Nf5 Bf8 45. Re2 Rc1 46. Kf2 Nh3+ 0-1

[Event "Qatar Masters Open 2023"]
[Site "Doha QAT"]
[Date "2023.10.15"]
[Round "5.69"]
[White "Peng, Hongchi"]
[Black "Dragicevic, Drazen"]
[Result "1-0"]
[BlackTitle "FM"]
[WhiteElo "2395"]
[BlackElo "2354"]
[WhiteFideId "8609047"]
[BlackFideId "1707922"]
[EventDate "2023.10.11"]

1. d4 d5 2. Bg5 h6 3. Bh4 c6 4. Nd2 Qb6 5. Nb3 a5 6. a4 e5 7. e3 Be6 8. Nf3 e4
9. Nfd2 Nd7 10. Be2 Ne7 11. f3 Nf5 12. Bf2 Nf6 13. fxe4 Nxe4 14. Nxe4 dxe4 15.
c4 Be7 16. Nd2 Qxb2 17. Nxe4 Qb4+ 18. Nd2 Bg5 19. Rb1 Qa3 20. Qb3 Qxb3 21. Rxb3
O-O-O 22. Ne4 Be7 23. O-O Bb4 24. Rc1 Rhe8 25. Bf3 Kb8 26. g4 Ne7 27. Nc5 Bxc5
28. dxc5 Rd2 29. Rcb1 Bc8 30. Bg3+ Ka7 31. Ra1 Ng6 32. Be1 Ne5 33. Bg2 Rd3 34.
Rxd3 Nxd3 35. Bxa5 Rxe3 36. Ra3 Bxg4 37. Bd2 Re1+ 38. Bxe1 Nxe1 39. Rg3 h5 40.
h3 Nxg2 41. Kxg2 Be6 42. Rxg7 Bxc4 43. Rh7 Be2 44. Rxf7 Ka6 45. Kf2 Bd1 46. a5
Bc2 47. h4 Bd1 48. Ke3 Bg4 49. Kf4 Be2 50. Re7 Bg4 51. Kg5 Bd1 52. Rh7 Be2 53.
Rxh5 Kxa5 54. Rh7 b5 55. cxb6 Kxb6 56. h5 c5 57. Re7 Bd3 58. Kf4 Kc6 59. h6 Kd6
60. Ra7 1-0

[Event "Qatar Masters Open 2023"]
[Site "Doha QAT"]
[Date "2023.10.15"]
[Round "5.70"]
[White "Jaiveer, Mahendru"]
[Black "Nagarkatte Vedant"]
[Result "1-0"]
[WhiteTitle "FM"]
[BlackTitle "FM"]
[WhiteElo "2393"]
[BlackElo "2345"]
[WhiteFideId "25611151"]
[BlackFideId "25636227"]
[EventDate "2023.10.11"]

1. e4 c5 2. Nf3 d6 3. d4 cxd4 4. Nxd4 Nf6 5. Nc3 a6 6. f4 Qc7 7. Qf3 Nc6 8. Nxc6
bxc6 9. Bd3 e5 10. b3 Be7 11. Bb2 exf4 12. Qxf4 Be6 13. Ne2 Ng4 14. Bc4 Bxc4 15.
Qxg4 Bxe2 16. Kxe2 Rg8 17. Rhf1 h6 18. Qh5 Bf8 19. Rf3 g6 20. Qh3 Qc8 21. Qg3
Qe6 22. Rf6 Qxe4+ 23. Kf1 O-O-O 24. Re1 Qxc2 25. Rxf7 Qc5 26. Qg4+ Kb8 27. Bf6
Qb5+ 28. Kg1 Qb6+ 29. Kh1 Qa5 30. b4 Qd5 31. Rh7 h5 32. Qh3 Qd2 33. Qe6 Rc8 34.
Qxc8+ 1-0

[Event "Qatar Masters Open 2023"]
[Site "Doha QAT"]
[Date "2023.10.15"]
[Round "5.71"]
[White "Ostrovskiy, Aleksandr"]
[Black "Tissir, Mohamed"]
[Result "1/2-1/2"]
[WhiteTitle "IM"]
[BlackTitle "IM"]
[WhiteElo "2385"]
[BlackElo "2344"]
[WhiteFideId "2034239"]
[BlackFideId "9000240"]
[EventDate "2023.10.11"]

1. e4 c5 2. Nf3 e6 3. d4 cxd4 4. Nxd4 Nc6 5. Nc3 d6 6. g4 a6 7. Be3 Nge7 8. Nb3
b5 9. f4 Bb7 10. Qd2 Na5 11. Nxa5 Qxa5 12. Bg2 Rc8 13. Rd1 Nc6 14. a3 Be7 15.
O-O Qc7 16. Qf2 O-O 17. g5 Rfe8 18. h4 Bf8 19. h5 b4 20. axb4 Nxb4 21. Rd2 Bc6
22. Rfd1 Qb7 23. Qg3 d5 24. g6 fxg6 25. hxg6 h6 26. exd5 exd5 27. Bd4 Bd6 28.
Qg4 Qc7 29. f5 Bb7 30. Qh5 Be5 31. f6 Bxf6 32. Bxf6 gxf6 33. Qxh6 Re5 34. Qh4
Qe7 35. Rf1 Rf8 36. Rdf2 Rg5 37. Qh7+ Qxh7 38. gxh7+ Kxh7 39. Rxf6 Rxf6 40. Rxf6
Rg7 41. Kf2 d4 42. Bxb7 Rxb7 43. Nd1 Re7 44. c3 Nd3+ 45. Kg3 dxc3 46. bxc3 a5 1/2-1/2

[Event "Qatar Masters Open 2023"]
[Site "Doha QAT"]
[Date "2023.10.15"]
[Round "5.72"]
[White "Sattarov, Bobir"]
[Black "Savitha, Shri B"]
[Result "1-0"]
[WhiteTitle "IM"]
[BlackTitle "WGM"]
[WhiteElo "2341"]
[BlackElo "2375"]
[WhiteFideId "14203081"]
[BlackFideId "35061887"]
[EventDate "2023.10.11"]

1. d4 Nf6 2. Nf3 g6 3. Bf4 Bg7 4. e3 O-O 5. Be2 c5 6. c3 b6 7. O-O Bb7 8. Nbd2
d6 9. h3 Nbd7 10. Bh2 Rc8 11. a4 Re8 12. a5 cxd4 13. Nxd4 bxa5 14. N2b3 Qb6 15.
Rxa5 a6 16. Ra3 e5 17. Nc2 Nc5 18. Na5 Be4 19. Nb4 d5 20. Re1 Bf8 21. Bf1 Ncd7
22. Nac6 Ra8 23. Qa1 Bxb4 24. Nxb4 a5 25. Qa2 d4 26. Nd3 Bd5 27. c4 Be4 28. c5
Qb7 29. exd4 exd4 30. Rc1 Rec8 31. Qc4 Bxd3 32. Qxd3 Qb4 33. c6 Nc5 34. Qb5 Nfe4
35. Qxb4 axb4 36. Rxa8 Rxa8 37. c7 Rc8 38. f3 Nb3 39. Rc6 Nec5 40. Bc4 d3 41.
Bxb3 Nxb3 42. Rd6 d2 43. Rd8+ Kg7 44. Kf2 Nc5 45. Ke2 1-0